000 00657nam a2200181 a 4500
001 000031217
005 20200930062759.0
008 110614s1996 dr a 000 | spa d
040 _aDO-SdBNP
_bspa
_cBNPHU
082 _axxx
_bF634c
100 1 _aFlores Santana, Juan Antonio
_916066
245 1 0 _aCarta a los carismáticos y demás grupos de iglesia :
_bevangelización y catequesis, fe y oración, discernimiento de espíritud y compromiso temporal /
_cJuan Antonio Flores Santana.
260 _aSanto Domingo :
_bEdiciones MSC,
_c1996.
300 _a27 p. :
_bil. ;
_c22 cm.
490 1 _aDocumentos
_v3
830 0 _aDocumentos;
_v3
_91047
049 _aBNPD
999 _c30709
_d30709